00922nam a2200217 i 450000100060000000300090000600500170001500700030003200800410003510000340007624502130011024600380032326000680036130000460042953000350047565100400051070000350055070000220058585200210060785600760062846517ES-MaACL20250627063628.0t|030331s1858 sp ||||1| spa d1 aComettant, Oscar, d1819-189810aTres años en los Estados-Unidos : bestudio de los hábitos y costumbes americanas / cpor Oscar Comettant ; traducida del francés por los señores Don Santiago Infante de Palacios y D. Federico Utrera.2 aTres años en los Estados Unidos aMadrid : bJ.J.M., c1858 (fImp. y Lit. de D. J.J. Martínez) aVIII, 288 p., [4] h. de lám. ; c23 cm. aDisponible en formato digital. 4aEstados Unidos-xUsos y costumbres.1 aInfante de Palacios, Santiago.1 aUtrera, Federico.4 aES-MaACLjF-18794 uhttps://archive.org/details/tresadnosenlos00comerich zInternet Archive